000 01020nam a22002291a 4500
999 _c12145
_d12145
001 12145
003 OSt
005 20260204212314.0
008 150310s2014||||dr ||||||b||||||||||spa||
090 _aADM 2014 C78
100 1 _aCruceta Reyes, Rosa Mabel
_9sustentante
245 1 _aModelo de sostenibilidad en la gestión de residuos sólidos en la Universidad ITECO y su periferia / Rosa Mabel Cruceta Reyes y Karina Mercedes Soto Guzmán; asesor Jaime Arismendi Acosta Padilla, MG,Sc.
260 _aCotuí, República Dominicana :
_bUTECO,
_c2014
264 _aSanto Domingo : El Autor
300 _a104 hojas
502 _aTrabajo de grado (Licenciatura en Administración) --Universidad Tecnológica del Cibao Oriental, 2014
504 _aIncluye referencia bibliográfica e índice
650 _aModelo de sostenibilidad-- Administración
700 1 _aAcosta Padilla. Jaime Arismendi
_easesor
830 _aTesis y disertaciones académicas (Universidad Tecnológica del Cibao Oriental)
942 _2LC
_cTH